| LEADER | 01195nam a2200277 u 4500 | ||
|---|---|---|---|
| 001 | 10039678 | ||
| 003 | upatras | ||
| 005 | 20210117195840.0 | ||
| 008 | 010406s1976 gr gre | ||
| 040 | |a GR-PaULI |c GR-PaULI | ||
| 041 | 0 | |a gre | |
| 082 | 0 | 4 | |a 306.3 |
| 100 | 1 | |a Κουκόπουλος, Σ. |9 28219 | |
| 245 | 1 | 0 | |a Λαϊκή αγορά και Super Market στις ελληνικές συνθήκες |c Σ. Κουκόπουλος, Α. Παπαγεωργίου, Γ. Παρμενίδης...[και ά.] |
| 260 | |b [χ.ό.] |c 1976 | ||
| 300 | |a 105 σ. |c 24 εκ. | ||
| 504 | |a Περιλαμβάνει βιβλιογραφία | ||
| 650 | 4 | |a Οικονομία |x Θεσμοί |9 5698 | |
| 650 | 4 | |a Οικονομία |z Ελλάδα |9 3686 | |
| 700 | 1 | |a Παπαγεωργίου, Α. |9 28220 | |
| 700 | 1 | |a Παρμενίδης, Γ. |9 28221 | |
| 852 | |a GR-PaULI |b ΠΑΤΡΑ |b ΑΡΧΙΤΕΚΤΟΝΙΚΗ |k ΑΣΧΕ-2 |h 306.3 Κ |m 001653 |p 025000089107 |t 1 | ||
| 942 | |2 ddc |c BK15 | ||
| 952 | |0 0 |1 0 |4 0 |6 306_300000000000000_Κ |7 0 |9 26343 |a ARCH |b ARCH |d 2016-04-24 |i 001653 |l 1 |m 1 |o 306.3 Κ |p 025000089107 |r 2021-11-22 00:00:00 |s 2021-11-08 |t 1 |w 2016-04-24 |y BK15 | ||
| 998 | |c MANIAKH |d 2001-04 | ||
| 999 | |c 16790 |d 16790 | ||